00544nam a2200217 a 4500001001300000003000900013005001700022008004100039020002300080082002000103100002600123245001600149260004500165300000900210500003500219505001000254650000800264650001200272650001600284700002600300nice12345678IN_TiNIC20260116013211.0050524s1985 newa grp 000 0 eng  a1569243 c41600a291.211014bSCH aScharlemann, Robert P aNaming God. aNew YorkbParagon House Publishersc1985 a188p aincludes index and biblioraphy2 aIndex aGod aTrinity aScharlemann1 aScharlemann, Robert P